Nostalgia's Lie - Statistics

General Stats
  • This quiz has been taken 2 times
  • The average score is 43 of 233
Answer Stats
Lyrics % Correct
I
100%
to
100%
a
50%
all
50%
All
50%
break
50%
caught
50%
down
50%
Down
50%
eyes
50%
guard
50%
heart
50%
It
50%
it
50%
lies
50%
me
50%
my
50%
nostalgia's
50%
of
50%
off
50%
streaming
50%
Tears
50%
teeming
50%
we
50%
were
50%
Where
50%
where
50%
With
50%
with
50%
you
50%
accept
0%
against
0%
and
0%
are
0%
arms
0%
asking
0%
back
0%
become
0%
been
0%
Before
0%
before
0%
Can
0%
daisies
0%
darlin'?
0%
darling?
0%
days
0%
defenses
0%
desperate
0%
this
0%
dropped
0%
emptied
0%
ever
0%
feel
0%
for
0%
friends
0%
gained
0%
give
0%
gone
0%
granted
0%
had
0%
heady
0%
hollow
0%
I'll
0%
I'm
0%
is
0%
I've
0%
laughing
0%
lays
0%
Left
0%
long
0%
lost
0%
mark
0%
Most
0%
nothing
0%
oak
0%
oh
0%
Ohh
0%
ohh
0%
on
0%
open
0%
out
0%
pain
0%
path
0%
place?
0%
purple
0%
pushing
0%
safe
0%
safe?
0%
something
0%
somewhere
0%
spinning
0%
still
0%
stomach
0%
streets
0%
summer
0%
take
0%
that
0%
the
0%
There's
0%
there's
0%
These
0%
this
0%
Those
0%
thought
0%
times
0%
tree
0%
truly
0%
unfurling
0%
up
0%
violent
0%
violet
0%
Was
0%
was?
0%
was
0%
weight
0%
What
0%
what
0%
who
0%
wide
0%
won't
0%
world
0%
yearning
0%
No matching quizzes found
Score Distribution
Percent of People with Each Score
Percentile by Number Answered
Your Score History
You have not taken this quiz